LEADER 01964nam2 2200385 450 001 000035725 005 20180613131443.0 100 $a20131220d1938----km-y0itaa50------ba 101 0 $aita 102 $aIT 200 1 $aRelazione generale$fUgo Giusti$gcon un'introduzione geografica del prof. Antonio Renato Toniolo 210 $aRoma$c[s.n.]$d1938$eRoma$g<> Failli 215 $aXXV, 251 p., [3] carte di tav. ripieg.$cill.$d27 cm. 316 $aSulla pagina precedente il frontespizio dell'esemplare FVig/T41097 firma autografa e data: Gioacchino Viggiani, 2 luglio 1939 316 $aSulla pagina precedente il frontespizio dell'esemplare FVig/T41671 firma autografa e data: Gioacchino Viggiani, 8 giugno 1948 461 1$1001000035724$12001$a<> spopolamento montano in Italia$v8 606 1 $aSpopolamento$xZone montane$yItalia 676 $a304.620945$v(22. ed.)$9Popolazione. Aumento e diminuzione. Italia 700 1$aGiusti,$bUgo$f<1873-1953>$067892 702 1$aToniolo,$bAntonio Renato$f<1881-1955> 801 0$aIT$bUniversità della Basilicata - B.I.A.$gREICAT$2unimarc 912 $a000035725 996 $aRelazione generale$9102071 997 $aUNIBAS CAT $aSTD094$b01$c20131220$lBAS01$h0939 CAT $aTTM$b30$c20140206$lBAS01$h1059 CAT $aTTM$b30$c20171107$lBAS01$h1220 CAT $aATR$b20$c20180613$lBAS01$h1303 CAT $aATR$b20$c20180613$lBAS01$h1309 CAT $aATR$b20$c20180613$lBAS01$h1310 CAT $aATR$b20$c20180613$lBAS01$h1310 CAT $aATR$b20$c20180613$lBAS01$h1314 FMT Z30 -1$lBAS01$LBAS01$mBOOK$1BASA2$APolo Tecnico-Scientifico$2FVIG$BFondo Viggiani$3FVig/41097$641097$5T41097$7Collocato presso la Scuola di Agraria$820131220$f35$FStanza riservata$hVol. 8 Z30 -1$lBAS01$LBAS01$mBOOK$1BASA2$APolo Tecnico-Scientifico$2FVIG$BFondo Viggiani$3FVig/41671$641671$5T41671$7Collocato presso la Scuola di Agraria$820171107$f35$FStanza riservata$hVol. 8 LEADER 01404cam0-2200421---450- 001 990003524710203316 005 20110916091451.0 010 $a978-88-387-6530-8 035 $a000352471 035 $aUSA01000352471 035 $a(ALEPH)000352471USA01 035 $a000352471 100 $a20110427d2011----|||h0itay0103----ba 101 0 $aita 102 $aIT 105 $a||||||||001yy 200 1 $aManuale delle s.r.l.$eCostituzione e gestione ordinaria...$fCinzia De Stefanis, Antonio Quercia$eaggiornato con la più recente giurisprudenza e documentazione di prassi del settore 205 $a2. ed. 210 $aSantarcangelo di Romagna$cMaggioli$d2011 215 $a501 p.$d24 cm$e1 CD-ROM 225 2 $aProfessionisti & imprese$v162$iSocietà 410 0$12001$aProfessionisti & Imprese$v, 162 454 1$12001 461 1$1001-------$12001 606 0 $aSocietà a responsabilità limitata$2BNCF 676 $a346.450668 700 1$aDE STEFANIS,$bCinzia$0267953 701 1$aQUERCIA,$bAntonio$0524401 801 0$aIT$bSALBC$gISBD 912 $a990003524710203316 951 $aXXV.3.E. 628$b19751 EC.$cXXV.3.E.$d00296193 959 $aBK 969 $aGIU 979 $aFIORELLA$b90$c20110427$lUSA01$h1538 979 $aFIORELLA$b90$c20110427$lUSA01$h1540 979 $aANDRIA$b90$c20110916$lUSA01$h0914 996 $aManuale delle s.r.l$91514356 997 $aUNISA